000 00644nam a2200241Ia 4500
999 _c53142
_d53142
001 20181
003 GE_BSU
005 20250714165419.0
008 181216s2013||||enk|||||||||||||| ||eng||
020 _a9780194771085
040 _cGE_BSU
041 _ageo
080 _a811.111(075.8) S-70
100 _aSoars Liz & John
_925643
245 _aNew Headway. Beginner Workbook with key /
_cSoars Liz & John
250 _aFourth edition
264 _aNew York :
_bOxford University Press,
_c2013.
300 _a103 p. ;
_c29 cm.
541 _h12 gel.
653 _aNew Headway
653 _aBeginner Workbook with key
942 _cBK
_2udc